000 01152 a2200457 4500
000 BKB
001 136806
005 20200902153125.0
008
010 _a
020 _a
082 _a621.3678
_bA95A
100 1 _aAdvanced remote sensing : terrestrial information extraction and applications
110 _a
245 1 _aAdvanced remote sensing : terrestrial information extraction and applications
_cedited by Shunlin Liang...[et.al.]
250 _a
260 _aAmsterdam
_bElsevier
_c2012
300 _a799p.
490 _a
_v
500 _a
600 _a
610 _a
611 _a
630 _aEnvironmental science
650 _a
651 _a
654 _a
690 _aRemote sensing; Earth sciences-Remote sensing; Environmental sciences-Remote sensing; Remote sensing-Mathematical models
700 _aLiang, Shunlin ed.
_b
_c
700 _aLi, Xiaowen ed.
_b
_c
710 _a
_b
_c
711 _a
720 _a
730 _a
740 _a
752 _a
856 _a
_d
_f
904 _a
964 _a
_b
_c
_d
_e
_f
_g
965 _a
999 _c9990
_d9990